| 000 | 01122cam a22003135a 4500 | ||
|---|---|---|---|
| 001 | 15830845 | ||
| 005 | 20151021095031.0 | ||
| 008 | 090723t2010 nyua frb 001 0 eng d | ||
| 010 | _a 2009933261 | ||
| 020 | _a9781603273596 | ||
| 040 |
_aNLM _beng _cNLM _dBTCTA _dCUS _dFUH _dCOU _dYDXCP _dEMU _dDLC _dEG-ScBUE |
||
| 082 | 0 | 4 |
_a615.7 _bLIP _222 |
| 245 | 0 | 0 |
_aLiposomes : _bmethods and protocols / _cedited by Volkmar Weissig. |
| 260 |
_aNew York : _bHumana Press / Springer Science + Business Media, _cc.2010. |
||
| 300 |
_av. 1 : _bill. ; _c26 cm. |
||
| 490 | 0 |
_aMethods in molecular biology, _x1064-3745 ; _v605 |
|
| 490 | 0 | _aSpringer protocols | |
| 500 | _aIndex : p. 559-564. | ||
| 504 | _aIncludes bibliographical references. | ||
| 505 | 0 | _av. 1. Pharmaceutical Nanocarriers. | |
| 650 | 0 |
_aLiposomes. _2BUEsh |
|
| 650 | 1 | 2 |
_aLiposomes _vLaboratory Manuals. _2BUEsh |
| 651 | _2BUEsh | ||
| 653 |
_bPPhrm _cOctober2015 |
||
| 655 |
_vReading book _934232 |
||
| 700 | 1 |
_aWeissig, Volkmar, _eeditor. |
|
| 776 | 0 | 8 |
_iOnline version: _tLiposomes. _dNew York : Humana Press, c2010 _w(OCoLC)742342532 |
| 942 |
_2ddc _k615.7 LIP |
||
| 999 |
_c20944 _d20916 |
||